Domesticated Animals - Statistics

General Stats
  • This quiz has been taken 185 times
  • The average score is 23 of 41
Answer Stats
Animal Type Date Location Purpose Species % Correct
Mammal 8,000 BCE Near East Pets, pest control, show, pelt, research Cat
100%
Mammal 13,000 BCE Europe Pets, hunting, herding, guarding, pest control, fighting, fighting, research, meat, guiding, servicing, transportation, rescuing, sport, racing, show, draft, working Dog
99%
Mammal 8,000 BCE India, Middle East, North Africa Meat, milk, leather, hides, working, fighting, show, pets, plowing, draft, vellum, soil fertilization, blood, transportation, Cow
98%
Mammal 3,500 BCE Kazakhstan Transportation, milk, meat, working, fighting, show, racing, pets guiding, servicing, plowing, draft, mount, hunting, execution, Horse
98%
Mammal 9,000 BCE Near East, China Meat, leather, research, show, racing, fighting, truffles, pets Pig
93%
Bird 6,000 BCE India, Southeast Asia, Meat, eggs, feathers, leather, show, racing, ornamental, fighting, pets Chicken
91%
Mammal 10,000 BCE Near East Milk, meat, fibre, skin, show, racing, clearing land, pets Goat
90%
Mammal 9,000 BCE Anatolia, Zagros Mountains Fibre, meat, milk, leather, pelt, vellum, pets, ornamental, show, racing, guarding, fighting, research, Sheep
88%
Mammal 2,400 BCE Peru, Bolivia Transportation, working, draft, pack, meat, show, racing, pets, guarding Llama
76%
Mammal 5,000 BCE Egypt Transportation, working, plowing, draft, mount, meat, milk, pets, racing, guarding Donkey
75%
Mammal 5,000 BCE Peru Pets, show, racing, research, meat Guinea Pig
73%
Bird 4,000 BCE China Meat, feathers, eggs, pets, show, racing, ornamental, guarding Duck
69%
Insect 4,000 BCE Old World Honey, wax, pollination Bee
68%
Mammal 19th Century UK Pets, research, show Rat
67%
Fish 300 China Pets, show, racing, ornamental Goldfish
66%
Mammal 2,400 BCE Peru, Bolivia Fibre, meat, show, pets, guarding Alpaca
63%
Mammal 1,100 BCE (China) 17th Century (Europe) China Pets, research, animal feed, racing Mouse
63%
Mammal 2,500 BCE Afghanistan Milk, transportation, working, hunting, plowing, draft, mount, fighting, show, racing, meat, hair Bactrian Camel
62%
Mammal 4,000 BCE Arabia Transportation, working, hunting, plowing, draft, mount, show, racing, fighting, milk, meat Dromedary Camel
61%
Worm 3,000 BCE China Silk, animal feed, pets, meat Silkworm
60%
Bird 180 Mexico, USA Meat, feathers, eggs, show, pets Turkey
59%
Mammal 2,500 BCE Tibet, Nepal Milk, transportation, working, plowing, mount, racing, fibre, fighting, guarding, meat Yak
59%
Bird 3,000 BCE Mediterranean Basin Show, ornamental, messenger, meat, racing, pets Pigeon
57%
Bird 3,000 BCE Egypt, China Meat, feathers, eggs, show, guarding, pets Goose
56%
Fish 11th Century Japan Ornamental, show, pets Koi
56%
Mammal 600 Europe Pelt, fibre, pets, show, racing, research, meat Rabbit
53%
Bird 15th Century Canary Islands, Europe Pets, research, show, mining, fighting Canary
49%
Mammal 1,500 BCE Europe Pets, hunting, show, pest control, racing Ferret
44%
Mammal 1950's Soviet Union Pelt, research, pets Fox
44%
Mammal 4,000 BCE India, China Working, plowing, draft, mount, fighting, meat, show, racing, milk Water Buffalo
44%
Mammal 8,000 BCE India Meat, milk, leather, hides, working, show, racing, plowing, transportation, draft, vellum, blood, soil fertilization, fighting, Zebu
28%
Mammal 19th Century North America Fur, hunting, pets Mink
23%
Bird 500 BCE North Africa show, pets, meat Dove
19%
Bird 2,400 BCE Africa Meat, eggs, pest control, show, alarming, pets, guarding Guineafowl
19%
Bird 18th Century Japan Pets, research Finch
18%
Fish 19th Century Thailand Fighting, pets Fighting Fish
17%
Mammal 1980's Eastern and Central Africa Pets Hedgehog
15%
Mammal Unknown Southeast Asia, Bali Meat, milk, show, racing, working, plowing, draft Bali Cattle
12%
Mammal Unknown Southeast Asia, Northeast India Meat Gayal
11%
Fish Unknown Barbados, Brazil, Guyana Pets Guppy
10%
Bird 600 South America Meat, feathers, eggs, show, pets Muscovy Duck
4%
No matching quizzes found
Score Distribution
Percent of People with Each Score
Percentile by Number Answered
Your Score History
You have not taken this quiz